| 000 | 00369nam a22001217a 4500 | ||
|---|---|---|---|
| 020 | _a9698482008 | ||
| 082 |
_a332.1 _bSHA _cD |
||
| 245 |
_aGlossary banking and finance english-english-urdu _cFaruqi, Shakil |
||
| 260 |
_aLahore _bEconomic development institute _c1999 |
||
| 300 |
_a831p. : _bill, _c22 cm. |
||
| 526 |
_a0 _b0 _c0 _d332_100000000000000_SHA |
||
| 942 |
_2ddc _cBK |
||
| 999 |
_c541856 _d541856 |
||